00728nam a22002057a 450000500170000001000150001702000270003203500130005903700130007208200160008510000200010124500740012126000350019527000550023030000190028550000400030494200300034499900170037495201310039120160111133447.0 aENG-114390 a9788192174341c1050.00 aEN-97922 bDBAD/PUB a371.8220954 aBarve, Rajlaxmi aEmpowerment of women through technical education /cby Rajlaxmi Barve aJaipurbManas Publishersc2012 a91, Bhagwati Nagar 2nd, KartarpurabJaipure302006 a352pc23cm(Hb) aIncludes bibliographical references 2ddccENmBARh371.8220954 c97929d97929 001040718NFICaDBADbDBADd2015-10-26eDBAD/PUBg1050.00l0oBARpEN-97922r2015-10-26 00:00:00t1v1050.00w2015-10-26yEN